Globalization / (Record no. 3452)

MARC details
000 -LEADER
fixed length control field 00614nam a2200205 ar4500
001 - CONTROL NUMBER
control field 3454
005 - DATE AND TIME OF LATEST TRANSACTION
control field 20221127090745.0
008 - FIXED-LENGTH DATA ELEMENTS--GENERAL INFORMATION
fixed length control field 130730s xxk a 00110|eng d
020 ## - INTERNATIONAL STANDARD BOOK NUMBER
International Standard Book Number 0415238544(pbk)
082 04 - DEWEY DECIMAL CLASSIFICATION NUMBER
Classification number 337
Item number W317 2001
100 1# - MAIN ENTRY--PERSONAL NAME
Personal name Waters, Malcolm.
245 10 - TITLE STATEMENT
Title Globalization /
Statement of responsibility, etc. Malcolm Waters.
250 ## - EDITION STATEMENT
Edition statement 2nd ed.
260 ## - PUBLICATION, DISTRIBUTION, ETC.
Place of publication, distribution, etc. London ;
-- New York :
Name of publisher, distributor, etc. Routledge,
Date of publication, distribution, etc. 2001.
300 ## - PHYSICAL DESCRIPTION
Extent xix, 247 p. :
Other physical details ill. ;
Dimensions 20 cm.
500 ## - GENERAL NOTE
General note First published: 1995.
504 ## - BIBLIOGRAPHY, ETC. NOTE
Bibliography, etc. note Includes bibl. references and index.
650 #4 - SUBJECT ADDED ENTRY--TOPICAL TERM
Topical term or geographic name entry element Globalization
General subdivision Economic aspects.
650 #4 - SUBJECT ADDED ENTRY--TOPICAL TERM
Topical term or geographic name entry element International economic relations.
Holdings
Withdrawn status Lost status Source of classification or shelving scheme Damaged status Not for loan Home library Current library Date acquired Total Checkouts Full call number Barcode Date last seen Copy number Price effective from Koha item type
              11/27/2022   337 W317 2001 1000000010443 11/27/2022 C1 11/27/2022 Book